| 000 | 01002nam a2200241 i 4500 | ||
|---|---|---|---|
| 003 | EG-ScBUE | ||
| 005 | 20240708100511.0 | ||
| 008 | 100613s1966 le f 000 0cara d | ||
| 040 |
_aEG-ScBUE _bara _erda _cEG-ScBUE _dEG-ScBUE |
||
| 082 | 0 | 4 |
_222 _a915.6 _bغ ر ي |
| 100 | 1 |
_914753 _aغريب، جورج، _eمؤلف. |
|
| 245 | 1 | 0 |
_aأدب الرحلات : _bتاريخه وأعلامه : المسعودي - ابن بطوطة - الريحاني / _cجورج غريب، أستاذ الأدب العربي في المعهد الأنطوني. |
| 264 | 1 |
_aبيروت : _bدار الثقافة، _c[1966] |
|
| 300 |
_a255 صفحة ؛ _c15 سم. |
||
| 336 |
_2rdacontent _aنص _btxt |
||
| 337 |
_aبدون وسيط _2rdamedia _bn |
||
| 338 |
_aمجلد _bnc _2rdacarrier |
||
| 490 | 0 |
_aسلسلة الموسوع في الأدب العربي ؛ _v7 |
|
| 541 |
_cDonation ; _aAlaa Abdel Ghaney. |
||
| 650 | 7 |
_913597 _aالرحالة العرب _vتراجم. _2BUEsh |
|
| 655 | _vReading book | ||
| 942 |
_2ddc _cBB |
||
| 999 |
_c14087 _d14087 |
||